000
00292nam a2200097Ia 4500
001
802053
005
20250826171049.0
008
250824s9999 xx 000 0 und d
245
0
_a
NEŞELİ, KEYİFLİ, MACERA VE BİLGİ DOLU OSMANLI TARİHİ 7
_c
ZEHRA AYGÜL
260
_b
UĞUR BÖCEGİ YAYINLARI
999
_c
802053
_d
802053